[Event "Petroupoli ASOP Dias Seniors op"]
[Site "Petroupoli"]
[Date "2014.03.22"]
[Round "1.19"]
[White "Tzavaras, Konstantinos"]
[Black "Remoundos, Aggelos"]
[Result "1-0"]
[WhiteElo "1263"]
[BlackElo "1000"]
[PlyCount "49"]
[EventDate "2014.03.22"]
[EventType "swiss"]
[EventRounds "7"]
[EventCountry "GRE"]
[SourceTitle "EXT 2024"]
[Source "ChessBase"]
[SourceDate "2023.10.10"]
[SourceVersion "1"]
[SourceVersionDate "2023.10.10"]
[SourceQuality "1"]

1. e4 e5 2. Nf3 Nc6 3. Bc4 Bc5 4. c3 Nf6 5. Nxe5 Nxe5 6. d4 Nxc4 7. dxc5 Nxe4 8. Qe2 d5 9. cxd6 Ncxd6 10. f3 f5 11. fxe4 fxe4 12. 0-0 c5 13. c4 b5 14. cxb5 a6 15. Nc3 axb5 16. Nxe4 Nxe4 17. Qxe4+ Be6 18. Qxe6+ Qe7 19. Qc6+ Qd7 20. Qxa8+ Qd8 21. Re1+ Kf8 22. Qxd8+ Kf7 23. Re7+ Kf6 24. Qd6+ Kf5 25. Qe6# 1-0

[Event "Petroupoli-ch"]
[Site "Petropouli"]
[Date "2014.02.08"]
[Round "3"]
[White "Tzavaras, Konstantinos"]
[Black "Meintanis, Sotirios"]
[Result "1-0"]
[WhiteElo "1243"]
[BlackElo "1000"]
[PlyCount "58"]
[EventDate "2014.01.25"]
[EventType "swiss"]
[EventRounds "7"]
[EventCountry "GRE"]
[SourceTitle "EXT 2015"]
[Source "ChessBase"]
[SourceDate "2014.11.20"]
[SourceVersion "1"]
[SourceVersionDate "2014.11.20"]
[SourceQuality "1"]

1. e4 d5 2. exd5 Nf6 3. d4 Bg4 4. Nf3 Qxd5 5. Be2 Qh5 6. Nc3 Nc6 7. h3 0-0-0 8. 0-0 e6 9. hxg4 Nxg4 10. Bf4 Bd6 11. Nh2 Bxf4 12. Nxg4 f5 13. g3 Nxd4 14. Nh2 Qh6 15. gxf4 Nf3+ 16. Bxf3 Rxd1 17. Raxd1 g5 18. fxg5 Qxg5+ 19. Kh1 h5 20. Rg1 Qf4 21. Rg7 b6 22. Nb5 c5 23. Nxa7+ Kb8 24. Rb7+ Ka8 25. Rc7+ Kb8 26. Rb7+ Ka8 27. Rh7+ Kb8 28. Nc8 Kxc8 29. Rxh8+ Kc7 1-0

[Event "Petroupoli ASOP Dias Seniors op"]
[Site "Petroupoli"]
[Date "2013.04.06"]
[Round "2.23"]
[White "Tzavaras, Konstantinos"]
[Black "Fanos, Alexandros"]
[Result "1-0"]
[WhiteElo "1240"]
[BlackElo "1000"]
[PlyCount "47"]
[EventDate "2013.03.30"]
[EventType "swiss"]
[EventRounds "7"]
[EventCountry "GRE"]
[SourceTitle "EXT 2024"]
[Source "ChessBase"]
[SourceDate "2023.10.10"]
[SourceVersion "1"]
[SourceVersionDate "2023.10.10"]
[SourceQuality "1"]

1. e4 c6 2. d4 d5 3. e5 Bf5 4. Nc3 e6 5. Nf3 c5 6. Be3 cxd4 7. Bxd4 Nc6 8. a3 Nge7 9. Bd3 Bxd3 10. Qxd3 Nf5 11. 0-0-0 Nfxd4 12. Nxd4 Nxd4 13. Qxd4 Qg5+ 14. Kb1 Qxg2 15. Qa4+ Kd8 16. Rhg1 Qxh2 17. Nxd5 Bc5 18. Nb6+ Kc7 19. Nxa8+ Kb8 20. Nc7 Kxc7 21. Qd7+ Kb8 22. Rxg7 Qxe5 23. Rxf7 Qe4 24. Qd8+ 1-0

[Event "Petroupoli ASOP Dias Seniors op"]
[Site "Petroupoli"]
[Date "2013.03.30"]
[Round "1.4"]
[White "Diamandis, Georgios"]
[Black "Tzavaras, Konstantinos"]
[Result "1-0"]
[WhiteElo "1817"]
[BlackElo "1240"]
[PlyCount "71"]
[EventDate "2013.03.30"]
[EventType "swiss"]
[EventRounds "7"]
[EventCountry "GRE"]
[SourceTitle "EXT 2024"]
[Source "ChessBase"]
[SourceDate "2023.10.10"]
[SourceVersion "1"]
[SourceVersionDate "2023.10.10"]
[SourceQuality "1"]

1. e4 c5 2. Nf3 d6 3. Bb5+ Bd7 4. Qe2 a6 5. Bxd7+ Nxd7 6. d4 cxd4 7. Nxd4 Ngf6 8. c4 Qa5+ 9. Nc3 e6 10. 0-0 Be7 11. f4 0-0 12. g4 Rac8 13. g5 e5 14. Nf5 Rfe8 15. gxf6 Nxf6 16. Nxe7+ Rxe7 17. Bd2 Qc5+ 18. Kh1 Qxc4 19. Qxc4 Rxc4 20. fxe5 dxe5 21. Bg5 Re6 22. Bxf6 gxf6 23. Rad1 Rd4 24. Kg2 Kf8 25. Kf3 Ke7 26. Kg4 Rb6 27. Rxd4 exd4 28. Nd5+ Kd6 29. Nxb6 Kc5 30. Nd7+ Kc4 31. Kf3 b5 32. Ke2 d3+ 33. Ke3 b4 34. Rc1+ Kb5 35. Rc5+ Ka4 36. Nb6# 1-0